| 000 | 00687nam a2200181Ia 4500 | ||
|---|---|---|---|
| 008 | 090124s9999 xx 000 0 und d | ||
| 082 | _b43727 | ||
| 100 | _aजायस्वाल जयनारायण | ||
| 245 | _a चष्मा व नेत्ररोग चिकित्सा | ||
| 250 | _a3 | ||
| 260 |
_bगोपाल _c2000 |
||
| 300 | _a72 | ||
| 600 | _aजायस्वाल जयनारायण | ||
| 630 | _a चष्मा व नेत्ररोग चिकित्सा | ||
| 700 | _aजायस्वाल जयनारायण | ||
| 730 | _a चष्मा व नेत्ररोग चिकित्सा | ||
| 942 | _cBOOK | ||
| 999 |
_c109956 _d109956 |
||